书目信息 |
| 题名: |
城镇水务法律法规
|
|
| 作者: | 张国祥 主编 ;霍奎 副主编 | |
| 分册: | ||
| 出版信息: | 北京 中国建筑工业出版社 2009.11 |
|
| 页数: | 333页 | |
| 开本: | 26cm | |
| 丛书名: | 全国城镇水务管理培训丛书 | |
| 单 册: | ||
| 中图分类: | D922.66 | |
| 科图分类: | ||
| 主题词: | 城镇--cheng zhen--水资源管理--法规--基本知识--中国 | |
| 电子资源: | ||
| ISBN: | 978-7-112-11369-9 | |
| 000 | 01289nam 2200253 450 | |
| 001 | 012001000413 | |
| 005 | 20240409160624.74 | |
| 010 | @a978-7-112-11369-9@dCNY46.00 | |
| 100 | @a20100515d2009 km y0chiy0121 eb | |
| 101 | 0 | @achi |
| 102 | @aCN@b110000 | |
| 105 | @aa z 000yy | |
| 200 | 1 | @a城镇水务法律法规@Acheng zhen shui wu fa lv fa gui@f张国祥主编@g霍奎 … [等] 副主编@Ghuo kui…[deng]fu zhu bian |
| 210 | @a北京@c中国建筑工业出版社@d2009.11 | |
| 215 | @a333页@c图@d26cm | |
| 225 | 2 | @a全国城镇水务管理培训丛书@Aquan guo cheng zhen shui wu guan li pei xun cong shu |
| 330 | @a法律综合篇以相关法律原文为主,收录了《中华人民共和国民法通则》等基本法和单行法共计12部,内容涵盖了民事法律关系调整;市场交易的规范调整。 主体法规篇是本书的重点部分,对主要法规分别按核心提示,内容精要,具体适用,注意问题,法条链接体例进行编写,力图将繁杂的法规化繁为简。该篇涵盖了供水管理,排水管理,节水管理,水质管理,地下水管理,水源保护与供水设施建设等7个分类的法规。为城镇水务工作以依管理发挥积极作用。 | |
| 410 | 0 | @12001 @a全国城镇水务管理培训丛书 |
| 606 | 0 | @a城镇@Acheng zhen@x水资源管理@x法规@x基本知识@y中国 |
| 690 | @aD922.66@v4 | |
| 701 | 0 | @a张国祥@Azhang guo xiang@4主编 |
| 702 | 0 | @a霍奎@Ahuo kui@4副主编 |
| 801 | 0 | @aCN@b河南城建学院图书馆@c20100515 |
| 905 | @dD922.66@eZ100@f3 | |
| 城镇水务法律法规/张国祥主编/霍奎 … [等] 副主编.-北京:中国建筑工业出版社,2009.11 |
| 333页:图;26cm.-(全国城镇水务管理培训丛书) |
| ISBN 978-7-112-11369-9:CNY46.00 |
| 法律综合篇以相关法律原文为主,收录了《中华人民共和国民法通则》等基本法和单行法共计12部,内容涵盖了民事法律关系调整;市场交易的规范调整。 主体法规篇是本书的重点部分,对主要法规分别按核心提示,内容精要,具体适用,注意问题,法条链接体例进行编写,力图将繁杂的法规化繁为简。该篇涵盖了供水管理,排水管理,节水管理,水质管理,地下水管理,水源保护与供水设施建设等7个分类的法规。为城镇水务工作以依管理发挥积极作用。 |
| ● |
| 相关链接 |
|
|
|
正题名:城镇水务法律法规
索取号:D922.66/Z100
 
预约/预借
| 序号 | 登录号 | 条形码 | 馆藏地/架位号 | 状态 | 备注 |
| 1 | 1454670 | 214546703 | 社科库509/509社科库 90排1列6层/ [索取号:D922.66/Z100] | 在馆 | |
| 2 | 1454671 | 214546712 | 社科库509/509社科库 90排1列6层/ [索取号:D922.66/Z100] | 在馆 | |
| 3 | 1454672 | 214546721 | 社科库509/509社科库 90排1列6层/ [索取号:D922.66/Z100] | 在馆 | |
| 4 | 1454673 | 214546730 | 社科库509/509社科库 90排1列6层/ [索取号:D922.66/Z100] | 在馆 | |
| 5 | 1454674 | 214546749 | 社科库509/509社科库 90排1列6层/ [索取号:D922.66/Z100] | 在馆 | |
| 6 | 1551151 | 215511514 | 社科库509/509社科库 90排1列6层/ [索取号:D922.66/Z100] | 在馆 | |
| 7 | 1551152 | 215511523 | 社科库509/509社科库 90排1列6层/ [索取号:D922.66/Z100] | 在馆 | |
| 8 | 1551153 | 215511532 | 社科库509/509社科库 90排1列6层/ [索取号:D922.66/Z100] | 在馆 | |
| 9 | 1551154 | 215511541 | 社科库509/509社科库 90排1列6层/ [索取号:D922.66/Z100] | 在馆 | |
| 10 | 1551155 | 215511550 | 社科库509/509社科库 90排1列6层/ [索取号:D922.66/Z100] | 在馆 | |
| 11 | 898963 | 208989638 | 社科库509/509社科库 90排1列6层/ [索取号:D922.66/Z100] | 在馆 | |
| 12 | 898964 | 208989647 | 社科库509/509社科库 90排1列6层/ [索取号:D922.66/Z100] | 在馆 | |
| 13 | 898965 | 208989656 | 社科库509/509社科库 90排1列6层/ [索取号:D922.66/Z100] | 在馆 |